000 00702nam a22002297a 4500
999 _c10512
_d10512
003 AR-CdUCM
008 190401b ||||| |||| 00| 0 spa d
040 _aMUNICIPALIDAD PROVINCIAL DEL CUSCO
_cBIBLIOTECA MUNICIPAL DEL CUSCO
041 _heng
082 _aES / 800 /
_bL37
100 _aLee, Lawrence R.
_927418
245 _aLa Canción de la Honda /
260 _aBarcelona :
_bMolino ;
_c1957.
300 _a158 páginas ;
_bIlustraciones
_c19cm
440 _aColección Nuevos Cuentos
_nAventurero
_927419
505 _aContenido: Cuentos
650 _aCuentos
_9312
650 _aLiteratura
_9416
700 _aRaich, María Dolores
_927420
942 _2ddc
_cLIBROS
945 _anom